| 000 | 00851pam a2200277 i 4500 | ||
|---|---|---|---|
| 001 | 4141046 | ||
| 003 | ARRUPE | ||
| 005 | 20150911102757.0 | ||
| 008 | 770929r19771971enk b 001 0 eng | ||
| 010 | _a 77083993 | ||
| 020 |
_a0521218624 : _c$11.95. _a0521292948 _c$4.95 |
||
| 040 |
_aDLC _cDLC _dDLC |
||
| 050 | 1 | 0 |
_aQ124.97 _b.G7 1977 |
| 082 | 0 | 0 | _a509/.4 |
| 100 | 1 |
_aGrant, Edward, _d1926- _919480 |
|
| 245 | 1 | 0 |
_aPhysical science in the Middle Ages / _cEdward Grant. |
| 260 |
_aCambridge ; _aNew York : _bCambridge University Press, _c1977. |
||
| 300 |
_axi, 128 p. ; _c22 cm. |
||
| 490 | 0 | _aHistory of science | |
| 500 | _a. | ||
| 504 | _aBibliography: p. 91-115. | ||
| 650 | 0 |
_aPhysical science _xHistory _919481 |
|
| 650 | 0 |
_aScience, Medieval. _918347 |
|
| 906 |
_a7 _bcbc _corignew _d1 _eopcn _f19 _gy-gencatlg |
||
| 942 |
_2lcc _cMONOGRAPH |
||
| 999 |
_c123287 _d123287 |
||